<?xml version="1.0" encoding="UTF-8"?>
<record
    xmlns:xsi="http://www.w3.org/2001/XMLSchema-instance"
    xsi:schemaLocation="http://www.loc.gov/MARC21/slim http://www.loc.gov/standards/marcxml/schema/MARC21slim.xsd"
    xmlns="http://www.loc.gov/MARC21/slim">

  <leader>01963nam a22003137a 4500</leader>
  <datafield tag="952" ind1=" " ind2=" ">
    <subfield code="0">0</subfield>
    <subfield code="1">0</subfield>
    <subfield code="4">0</subfield>
    <subfield code="7">0</subfield>
    <subfield code="a">18</subfield>
    <subfield code="b">18</subfield>
    <subfield code="d">2016-08-12</subfield>
    <subfield code="l">5</subfield>
    <subfield code="o">HF5549 S4518 2013</subfield>
    <subfield code="p">18 003451</subfield>
    <subfield code="r">2019-10-24</subfield>
    <subfield code="s">2019-10-24</subfield>
    <subfield code="t">1</subfield>
    <subfield code="w">2016-08-12</subfield>
    <subfield code="y">LB</subfield>
  </datafield>
  <datafield tag="952" ind1=" " ind2=" ">
    <subfield code="0">0</subfield>
    <subfield code="1">0</subfield>
    <subfield code="2">lcc</subfield>
    <subfield code="4">0</subfield>
    <subfield code="7">0</subfield>
    <subfield code="a">22</subfield>
    <subfield code="b">22</subfield>
    <subfield code="d">2016-10-28</subfield>
    <subfield code="l">4</subfield>
    <subfield code="o">HF5549 S4518 2013</subfield>
    <subfield code="p">22 001472</subfield>
    <subfield code="r">2019-10-21</subfield>
    <subfield code="s">2019-10-21</subfield>
    <subfield code="t">1</subfield>
    <subfield code="w">2016-10-28</subfield>
    <subfield code="y">LB</subfield>
  </datafield>
  <datafield tag="952" ind1=" " ind2=" ">
    <subfield code="0">0</subfield>
    <subfield code="1">0</subfield>
    <subfield code="4">0</subfield>
    <subfield code="7">0</subfield>
    <subfield code="a">23</subfield>
    <subfield code="b">23</subfield>
    <subfield code="d">2017-07-04</subfield>
    <subfield code="l">1</subfield>
    <subfield code="o">HF5549 S4518 2013</subfield>
    <subfield code="p">23 001117</subfield>
    <subfield code="r">2022-10-13</subfield>
    <subfield code="s">2022-10-12</subfield>
    <subfield code="t">1</subfield>
    <subfield code="w">2017-07-04</subfield>
    <subfield code="y">LB</subfield>
  </datafield>
  <datafield tag="952" ind1=" " ind2=" ">
    <subfield code="0">0</subfield>
    <subfield code="1">0</subfield>
    <subfield code="4">0</subfield>
    <subfield code="7">0</subfield>
    <subfield code="a">11</subfield>
    <subfield code="b">11</subfield>
    <subfield code="d">2017-08-21</subfield>
    <subfield code="l">2</subfield>
    <subfield code="o">HF5549 S4518 2013</subfield>
    <subfield code="p">11 013692</subfield>
    <subfield code="r">2018-11-22</subfield>
    <subfield code="s">2018-11-22</subfield>
    <subfield code="t">1</subfield>
    <subfield code="w">2017-08-21</subfield>
    <subfield code="y">LB</subfield>
  </datafield>
  <datafield tag="952" ind1=" " ind2=" ">
    <subfield code="0">0</subfield>
    <subfield code="1">0</subfield>
    <subfield code="2">lcc</subfield>
    <subfield code="4">0</subfield>
    <subfield code="7">0</subfield>
    <subfield code="a">08</subfield>
    <subfield code="b">08</subfield>
    <subfield code="d">2017-03-04</subfield>
    <subfield code="l">6</subfield>
    <subfield code="o">HF5549 S4518 2013</subfield>
    <subfield code="p">08 006231</subfield>
    <subfield code="r">2019-04-09</subfield>
    <subfield code="s">2019-04-08</subfield>
    <subfield code="t">1</subfield>
    <subfield code="w">2017-08-31</subfield>
    <subfield code="y">LB</subfield>
  </datafield>
  <datafield tag="999" ind1=" " ind2=" ">
    <subfield code="c">100611</subfield>
    <subfield code="d">100611</subfield>
  </datafield>
  <controlfield tag="008">160812s2013    mx dc||fr|||| 00| 0 spa d</controlfield>
  <datafield tag="020" ind1=" " ind2=" ">
    <subfield code="a">9786074818901</subfield>
  </datafield>
  <datafield tag="050" ind1="0" ind2="4">
    <subfield code="a">HF5549</subfield>
    <subfield code="b">S4518 2013</subfield>
  </datafield>
  <datafield tag="100" ind1="1" ind2=" ">
    <subfield code="a">Snell, Scott</subfield>
    <subfield code="e">autor</subfield>
  </datafield>
  <datafield tag="240" ind1="1" ind2="0">
    <subfield code="a">Managing Human Resources</subfield>
  </datafield>
  <datafield tag="245" ind1="1" ind2="0">
    <subfield code="a">Administraci&#xF3;n de recursos humanos</subfield>
    <subfield code="c"> / Scott Snell, George Bohlander; traducci&#xF3;n de Mar&#xED;a del Carmen Rodr&#xED;guez Pedroza</subfield>
  </datafield>
  <datafield tag="250" ind1=" " ind2=" ">
    <subfield code="a">16a. edici&#xF3;n</subfield>
  </datafield>
  <datafield tag="260" ind1="3" ind2=" ">
    <subfield code="a">M&#xE9;xico</subfield>
    <subfield code="b">: Cengage Learning</subfield>
    <subfield code="c">, 2013</subfield>
  </datafield>
  <datafield tag="300" ind1=" " ind2=" ">
    <subfield code="a">xxxvii, 792 p&#xE1;ginas</subfield>
    <subfield code="b"> : gr&#xE1;ficas, retratos</subfield>
  </datafield>
  <datafield tag="500" ind1=" " ind2=" ">
    <subfield code="a">Incluye: Estudio de casos</subfield>
  </datafield>
  <datafield tag="505" ind1="1" ind2=" ">
    <subfield code="a">Administraci&#xF3;n de recursos humanos en perspectiva
Cumplimiento de las necesidades de recursos humanos
Desarrollo de la efectividad en recursos humanos
Implementaci&#xF3;n de compensaciones y seguridad
Mejoramiento de las relaciones empleado-administraci&#xF3;n
Expandiendo los horizontes de la Administraci&#xF3;n de recursos humanos</subfield>
  </datafield>
  <datafield tag="519" ind1=" " ind2=" ">
    <subfield code="a">Educaci&#xF3;n Mixta / </subfield>
    <subfield code="b">Contadur&#xED;a / </subfield>
    <subfield code="c">Administraci&#xF3;n de Recursos Humanos (P04-2) / </subfield>
    <subfield code="d">(18 003451)</subfield>
  </datafield>
  <datafield tag="519" ind1=" " ind2=" ">
    <subfield code="a">Plan Flexible / </subfield>
    <subfield code="b">Maestr&#xED;a en Administraci&#xF3;n de Negocios /</subfield>
    <subfield code="c">Desarrollo humano en las organizaciones (P08-1) / </subfield>
    <subfield code="d">(22 001472) </subfield>
  </datafield>
  <datafield tag="519" ind1=" " ind2=" ">
    <subfield code="a">Educaci&#xF3;n Mixta /</subfield>
    <subfield code="b">Pedagog&#xED;a /</subfield>
    <subfield code="c">Desarrollo humano en las organizaciones (P08-1) / </subfield>
    <subfield code="d">(23 001117) </subfield>
  </datafield>
  <datafield tag="519" ind1=" " ind2=" ">
    <subfield code="a">Plan Flexible / </subfield>
    <subfield code="b">Psicolog&#xED;a / </subfield>
    <subfield code="c">Administraci&#xF3;n de personal (B15) / </subfield>
    <subfield code="d">(11 013692) </subfield>
  </datafield>
  <datafield tag="519" ind1=" " ind2=" ">
    <subfield code="a">Plan Flexible / </subfield>
    <subfield code="b">Bach. Tec. /</subfield>
    <subfield code="c">Administraci&#xF3;n de recursos humanos /</subfield>
    <subfield code="d">(08 006231)</subfield>
  </datafield>
  <datafield tag="650" ind1="1" ind2="4">
    <subfield code="a">ADMINISTRACI&#xD3;N DE PERSONAL</subfield>
  </datafield>
  <datafield tag="700" ind1="1" ind2=" ">
    <subfield code="a">Bohlander, George</subfield>
    <subfield code="e">autor</subfield>
  </datafield>
  <datafield tag="700" ind1="1" ind2=" ">
    <subfield code="a">Rodr&#xED;guez Pedroza, Mar&#xED;a del Carmen</subfield>
    <subfield code="e">traductor</subfield>
  </datafield>
  <datafield tag="942" ind1=" " ind2=" ">
    <subfield code="c">LB</subfield>
  </datafield>
</record>
